Statistics for Zemlje najbliže Bosni i Hercegovini - jedan minut sprint

Click here to take the quiz!

General Stats

  • This quiz has been taken 2 times
  • The average score is 12 of 20

Answer Stats

kmzemlja% Correct
94Albanija
100%
221Bugarska
100%
0Crna Gora
100%
0Hrvatska
100%
153Italija
100%
96Kosovo
100%
68Mađarska
100%
45Slovenija
100%
0Srbija
100%
162Austrija
50%
372Češka
50%
282Grčka
50%
129Rumunija
50%
196Sjeverna
Makedonija
50%
331Nemačka
0%
271San Marino
0%
282Slovačka
0%
438Švajcarska
0%
436Ukrajina
0%
400Vatikan
0%

Score Distribution

Percentile by Number Answered

Percent of People with Each Score

Your Score History

You have not taken this quiz